01200 2200205 4500001002100000005001500021035002000036007000300056008004100059020002200100082000800122084001400130100003700144245010000181260004800281300005100329700003300380520056600413600001500979INLIS00000000000234120260408093731 a0010-0426000019ta260408 j 1 ind  a978-979-040-119-8 a823 a823 YUN m0 aYunita Candra Sari ( Pengarang )1 aMaisie Hitchins :bKasus hilangnya batu zamrud /cYunita Candra Sari; penyunting, Yenni Saputri aSukoharjo :bPT Wangsa jatra lestari,c2020 a208 hlm :biIus,bergambar,hitam putih ;c21 cm0 aYenni Saputri ( Penyunting ) aMiss Lotie Lane suatu hari kedatangan tamu, seorang bintang panggung bernama Sarah massey. Namun, tak seperti penampilannya di panggung, kali ini Sarah Massey tampak kusut dan kebingungan. Kalung pemberian tunangannya hilang. Tak hanya itu, Miss Massey makin ketakutan karena berbagai hal buruk menimpanya. Ia pikir semua itu terjadi karena kutukan dari kalung yang hilang itu. Maisie tidak tinggal diam. Maisie percaya bahwa hal-hal buruk yang menimpa Miss Massey adalah ulah orang-orang tidak bertanggung jawab. Namun, mampukah Maisie membuktikan pendapatnya? 4aFiksi anak